[Event "Maraba op 1st"]
[Site "Maraba"]
[Date "2014.05.31"]
[Round "3"]
[White "Lopes, Janio Ribeiro"]
[Black "Almeida, Carlos Bruno Gomes"]
[Result "0-1"]
[WhiteElo "2023"]
[BlackElo "1962"]
[PlyCount "61"]
[EventDate "2014.05.30"]
[EventType "swiss"]
[EventRounds "6"]
[EventCountry "BRA"]
[SourceTitle "CBM 160 Extra"]
[Source "ChessBase"]
[SourceDate "2014.07.01"]
[SourceVersion "1"]
[SourceVersionDate "2014.07.01"]
[SourceQuality "1"]

1. e4 c5 2. Nf3 d6 3. Bb5+ Bd7 4. Bxd7+ Nxd7 5. d4 cxd4 6. Nxd4 Ngf6 7. Nc3 g6 8. Bg5 Bg7 9. Nd5 Nxd5 10. exd5 Qa5+ 11. c3 Qxd5 12. Nf3 Qc4 13. Nd4 0-0 14. Qe2 Qxe2+ 15. Nxe2 Nf6 16. 0-0 d5 17. Rad1 e6 18. f4 Ne4 19. Bh4 Rfc8 20. Ng3 Nd6 21. Rf3 b5 22. Ne2 a5 23. Bg3 b4 24. f5 Nxf5 25. cxb4 axb4 26. Rc1 Rxc1+ 27. Nxc1 Bxb2 28. Nd3 Bc3 29. Nc5 Rxa2 30. Rxf5 gxf5 31. Nb3 0-1

[Event "Cumana Feria de Santa Ines 1st"]
[Site "Cumana"]
[Date "2014.01.11"]
[Round "4"]
[White "Marichal Gonzalez, Ariel"]
[Black "Lopes, Janio Ribeiro"]
[Result "1-0"]
[WhiteElo "2278"]
[BlackElo "2040"]
[PlyCount "59"]
[EventDate "2014.01.09"]
[EventType "swiss"]
[EventRounds "7"]
[EventCountry "VEN"]
[SourceTitle "EXT 2015"]
[Source "ChessBase"]
[SourceDate "2014.11.20"]
[SourceVersion "1"]
[SourceVersionDate "2014.11.20"]
[SourceQuality "1"]

1. d4 Nf6 2. c4 g6 3. Nc3 Bg7 4. e4 d6 5. Nf3 0-0 6. Be2 Nc6 7. Be3 e5 8. d5 Ne7 9. Nd2 a5 10. a3 Nd7 11. b4 axb4 12. axb4 Rxa1 13. Qxa1 f5 14. f3 f4 15. Bf2 g5 16. c5 Nf6 17. Qa5 g4 18. cxd6 cxd6 19. Qxd8 Rxd8 20. Bb6 Rf8 21. Nb5 gxf3 22. gxf3 Ne8 23. Nc4 Rf6 24. Ncxd6 Nxd6 25. Nxd6 Rxd6 26. Bc5 Rd7 27. Bb5 Kf7 28. Bxd7 Bxd7 29. Kf2 b6 30. Bxb6 1-0

[Event "Cumana Feria de Santa Ines 1st"]
[Site "Cumana"]
[Date "2014.01.09"]
[Round "1"]
[White "Lopes, Janio Ribeiro"]
[Black "Hoyas Cebrian, Lucas"]
[Result "1/2-1/2"]
[WhiteElo "2040"]
[BlackElo "1977"]
[PlyCount "30"]
[EventDate "2014.01.09"]
[EventType "swiss"]
[EventRounds "7"]
[EventCountry "VEN"]
[SourceTitle "EXT 2015"]
[Source "ChessBase"]
[SourceDate "2014.11.20"]
[SourceVersion "1"]
[SourceVersionDate "2014.11.20"]
[SourceQuality "1"]

1. e4 e5 2. Nf3 Nc6 3. Bb5 a6 4. Bxc6 dxc6 5. d4 exd4 6. Qxd4 Qxd4 7. Nxd4 Nf6 8. Nc3 Bb4 9. 0-0 0-0 10. f3 Rd8 11. Be3 Bxc3 12. bxc3 c5 13. Nb3 b6 14. Rfd1 Be6 15. a4 a5 1/2-1/2

[Event "Roraima op"]
[Site "Roraima"]
[Date "2013.09.13"]
[Round "2"]
[White "Da Silva, Sandra de Jesus F"]
[Black "Lopes, Janio Ribeiro"]
[Result "0-1"]
[WhiteElo "1601"]
[BlackElo "2053"]
[PlyCount "60"]
[EventDate "2013.09.13"]
[EventType "swiss"]
[EventRounds "6"]
[EventCountry "BRA"]
[SourceTitle "CBM 156 Extra"]
[Source "ChessBase"]
[SourceDate "2013.10.22"]
[SourceVersion "1"]
[SourceVersionDate "2013.10.22"]
[SourceQuality "1"]

1. e4 c5 2. Nf3 g6 3. c3 Bg7 4. d4 cxd4 5. Nxd4 d6 6. Be3 Nf6 7. f3 0-0 8. Qd2 Nc6 9. Bh6 d5 10. Bxg7 Kxg7 11. Nxc6 bxc6 12. e5 Nd7 13. Qd4 e6 14. h4 Qc7 15. f4 c5 16. Qf2 f6 17. h5 g5 18. Qg3 Kh8 19. h6 Rg8 20. Rh5 gxf4 21. Qxf4 f5 22. Nd2 Rb8 23. 0-0-0 Rg4 24. Qh2 Qa5 25. a3 c4 26. Nf3 Qb6 27. Rd2 Nc5 28. Rc2 Ne4 29. Nd4 Rg3 30. Qh4 Rxc3 0-1

[Event "BRA-ch sf-B"]
[Site "Fortaleza"]
[Date "2012.11.03"]
[Round "6"]
[White "Lopes, Janio Ribeiro"]
[Black "Silveira, Leonardo Eleuterio"]
[Result "1-0"]
[WhiteElo "2046"]
[BlackElo "2200"]
[PlyCount "81"]
[EventDate "2012.11.01"]
[EventType "swiss"]
[EventRounds "8"]
[EventCountry "BRA"]
[SourceTitle "EXT 2013"]
[Source "ChessBase"]
[SourceDate "2012.11.22"]
[SourceVersion "1"]
[SourceVersionDate "2012.11.22"]
[SourceQuality "1"]

1. e4 e6 2. d4 d5 3. Nd2 c5 4. Ngf3 Nc6 5. exd5 exd5 6. dxc5 Bxc5 7. Nb3 Bb6 8. Bg5 Nge7 9. h3 Bf5 10. Bd3 Qd7 11. 0-0 f6 12. Bf4 g5 13. Bxf5 Qxf5 14. Be3 Bc7 15. Nbd4 Qd7 16. Nxc6 Nxc6 17. Bd4 0-0-0 18. Bxf6 g4 19. Bxh8 gxf3 20. Qxf3 Rxh8 21. Rad1 Qd6 22. g3 Rd8 23. Qf5+ Kb8 24. c3 Qc5 25. Kg2 h6 26. Rfe1 Rf8 27. b4 Qd6 28. Qxd5 Qf6 29. f4 Qxc3 30. b5 Rd8 31. Qb3 Rd2+ 32. Kh1 Qxb3 33. axb3 Rxd1 34. Rxd1 Na5 35. Rd3 a6 36. f5 Be5 37. Rd5 Bxg3 38. f6 Bh4 39. f7 Be7 40. bxa6 Nc6 41. Rd7 1-0

[Event "BRA-ch sf-B"]
[Site "Fortaleza"]
[Date "2012.11.02"]
[Round "3"]
[White "Lopes, Janio Ribeiro"]
[Black "De Araujo, Antonio Jose"]
[Result "1-0"]
[WhiteElo "2046"]
[BlackElo "1760"]
[PlyCount "87"]
[EventDate "2012.11.01"]
[EventType "swiss"]
[EventRounds "8"]
[EventCountry "BRA"]
[SourceTitle "EXT 2013"]
[Source "ChessBase"]
[SourceDate "2012.11.22"]
[SourceVersion "1"]
[SourceVersionDate "2012.11.22"]
[SourceQuality "1"]

1. e4 Nf6 2. e5 Nd5 3. d4 e6 4. c4 Bb4+ 5. Bd2 Bxd2+ 6. Qxd2 Nb6 7. Nc3 d5 8. c5 N6d7 9. Nf3 a6 10. Bd3 Nc6 11. a3 b5 12. 0-0 Na5 13. Nxd5 Nb3 14. Qc3 Nxa1 15. Nb4 Bb7 16. c6 a5 17. cxb7 axb4 18. bxa8Q bxc3 19. Qxd8+ Kxd8 20. Rxa1 cxb2 21. Rb1 c6 22. Rxb2 Nb6 23. Rc2 Kd7 24. Be4 Rc8 25. Nd2 Na4 26. Nb3 h6 27. f4 g6 28. Kf2 Nb6 29. Nc5+ Ke7 30. a4 bxa4 31. Ra2 Rc7 32. Nxa4 Nxa4 33. Rxa4 c5 34. Rc4 f5 35. exf6+ Kxf6 36. Rxc5 Rd7 37. Ke3 Rd6 38. Rc6 Rxc6 39. Bxc6 g5 40. fxg5+ hxg5 41. Ke4 Kf7 42. Ke5 Ke7 43. g4 Kf7 44. Bd7 1-0

[Event "Manaus Taj Mahal op"]
[Site "Manaus"]
[Date "2012.09.15"]
[Round "3"]
[White "Lopes, Janio Ribeiro"]
[Black "Jacinto Junior, Nelson Bezerra"]
[Result "1-0"]
[WhiteElo "2035"]
[BlackElo "2089"]
[PlyCount "66"]
[EventDate "2012.09.14"]
[EventType "swiss"]
[EventRounds "6"]
[EventCountry "BRA"]
[SourceTitle "EXT 2013"]
[Source "ChessBase"]
[SourceDate "2012.11.22"]
[SourceVersion "1"]
[SourceVersionDate "2012.11.22"]
[SourceQuality "1"]

1. e4 c5 2. Nf3 d6 3. d4 cxd4 4. Nxd4 Nf6 5. Nc3 Nc6 6. Be2 a6 7. a4 e6 8. 0-0 Be7 9. Be3 Qc7 10. f4 0-0 11. Nxc6 bxc6 12. Kh1 Rb8 13. e5 Nd5 14. Nxd5 cxd5 15. Bd3 Rxb2 16. Qh5 g6 17. Qh6 f5 18. Bd4 Rb4 19. c3 Rb2 20. Rab1 Rd2 21. Rf3 dxe5 22. fxe5 Ra2 23. g4 Bc5 24. gxf5 exf5 25. Rg1 Bxd4 26. cxd4 Rxa4 27. Rfg3 Rf7 28. Rxg6+ hxg6 29. Qxg6+ Kf8 30. e6 Bxe6 31. Qxe6 Qd7 32. Qe5 Rg7 33. Qf6+ Kg8 1-0

[Event "Manaus Taj Mahal op"]
[Site "Manaus"]
[Date "2012.09.14"]
[Round "1"]
[White "Lopes, Janio Ribeiro"]
[Black "Dos Santos, Wesley Cesar Reis"]
[Result "1-0"]
[WhiteElo "2035"]
[BlackElo "1802"]
[PlyCount "63"]
[EventDate "2012.09.14"]
[EventType "swiss"]
[EventRounds "6"]
[EventCountry "BRA"]
[SourceTitle "EXT 2013"]
[Source "ChessBase"]
[SourceDate "2012.11.22"]
[SourceVersion "1"]
[SourceVersionDate "2012.11.22"]
[SourceQuality "1"]

1. e4 c5 2. Nf3 d6 3. Bc4 Nf6 4. d3 e6 5. 0-0 Be7 6. c3 0-0 7. Re1 Qc7 8. Bb3 b5 9. d4 c4 10. Bc2 Nbd7 11. Bg5 e5 12. Nbd2 Re8 13. d5 Nf8 14. Qe2 h6 15. Bxf6 Bxf6 16. a4 Bd7 17. axb5 Bxb5 18. Ba4 a6 19. Nf1 Ng6 20. g3 Reb8 21. Ne3 Qd7 22. Qxc4 Bxa4 23. Qxa4 Qxa4 24. Rxa4 Rxb2 25. Rea1 Rab8 26. Rxa6 Re2 27. R1a2 Rxa2 28. Rxa2 Rc8 29. c4 Bd8 30. Ra6 Bc7 31. Nf5 Kf8 32. Rc6 1-0

[Event "Boa Vista Malaquias Memorial IRT"]
[Site "Boa Vista"]
[Date "2012.04.29"]
[Round "4.4"]
[White "Sores, Stewart Brigtowoold"]
[Black "Lopes, Janio Ribeiro"]
[Result "1/2-1/2"]
[WhiteElo "1844"]
[BlackElo "1999"]
[PlyCount "55"]
[EventDate "2012.04.27"]
[EventType "swiss"]
[EventRounds "7"]
[EventCountry "BRA"]
[SourceTitle "EXT 2022"]
[Source "ChessBase"]
[SourceDate "2021.10.06"]
[SourceVersion "1"]
[SourceVersionDate "2021.10.06"]
[SourceQuality "1"]

1. d4 Nf6 2. c4 e6 3. g3 Be7 4. Bg2 0-0 5. Nc3 c5 6. e3 d6 7. Nge2 Nbd7 8. 0-0 a6 9. b3 Rb8 10. a4 b6 11. d5 exd5 12. Nxd5 Nxd5 13. Bxd5 Nf6 14. Bg2 Bb7 15. Nc3 Bxg2 16. Kxg2 Qc7 17. e4 Rfe8 18. Nd5 Nxd5 19. Qxd5 Bf8 20. Bf4 b5 21. axb5 axb5 22. Ra6 bxc4 23. bxc4 Rb6 24. Rfa1 Rxa6 25. Rxa6 Qc8 26. Ra7 Qe6 27. Qxe6 Rxe6 28. Kf3 1/2-1/2

[Event "Boa Vista FEROX 1st"]
[Site "Boa Vista"]
[Date "2012.01.25"]
[Round "5.5"]
[White "Lopes, Janio Ribeiro"]
[Black "Sales, Gerson de Assis"]
[Result "0-1"]
[WhiteElo "1988"]
[BlackElo "2175"]
[PlyCount "44"]
[EventDate "2012.01.25"]
[EventType "tourn"]
[EventRounds "9"]
[EventCountry "BRA"]
[SourceTitle "EXT 2022"]
[Source "ChessBase"]
[SourceDate "2021.10.06"]
[SourceVersion "1"]
[SourceVersionDate "2021.10.06"]
[SourceQuality "1"]

1. d4 Nf6 2. c4 e6 3. Nc3 c5 4. Nf3 a6 5. Bg5 cxd4 6. Nxd4 h6 7. Bh4 Be7 8. e3 Nc6 9. Be2 0-0 10. 0-0 d5 11. Bf3 Nxd4 12. Qxd4 dxc4 13. Qxc4 b5 14. Qb3 Ra7 15. Rfd1 Qb6 16. Bg3 Bb7 17. e4 Raa8 18. Rac1 Rac8 19. a3 Kh8 20. Be5 Rc4 21. Be2 Nxe4 22. Bxc4 Qxf2+ 0-1

[Event "BRA-ch sf 78th"]
[Site "Belem"]
[Date "2011.10.30"]
[Round "4.14"]
[White "Lopes, Janio Ribeiro"]
[Black "Macedo, Maximo Iack Miranda"]
[Result "0-1"]
[WhiteElo "2025"]
[BlackElo "2292"]
[PlyCount "82"]
[EventDate "2011.10.29"]
[EventType "swiss"]
[EventRounds "8"]
[EventCountry "BRA"]
[SourceTitle "EXT 2022"]
[Source "ChessBase"]
[SourceDate "2021.10.06"]
[SourceVersion "1"]
[SourceVersionDate "2021.10.06"]
[SourceQuality "1"]

1. e4 e6 2. d4 d5 3. Nd2 Nc6 4. Ngf3 Nf6 5. exd5 exd5 6. c3 Bf5 7. Bb5 Bd6 8. 0-0 0-0 9. Re1 Re8 10. Rxe8+ Qxe8 11. Nf1 a6 12. Bd3 Bxd3 13. Qxd3 Qe4 14. Qxe4 Nxe4 15. Be3 f5 16. g3 Rf8 17. N1d2 f4 18. gxf4 Nxd2 19. Nxd2 Nd8 20. Re1 Ne6 21. Kg2 Nxf4+ 22. Bxf4 Rxf4 23. h3 Kf7 24. Nf3 Rf5 25. b3 b5 26. a4 h6 27. c4 dxc4 28. bxc4 bxc4 29. Rc1 Ke6 30. Rxc4 Ra5 31. Nd2 Kd5 32. Kf3 g5 33. Rc3 Rxa4 34. Nb3 Ra3 35. Ke2 a5 36. Rd3 a4 37. Nc1 Ra1 38. Rc3 Kxd4 39. Rc2 Rb1 40. Nd3 a3 41. Rc6 a2 0-1

[Event "BRA-ch sf 78th"]
[Site "Belem"]
[Date "2011.10.29"]
[Round "1.30"]
[White "Da Silva, Marcelo Menezes"]
[Black "Lopes, Janio Ribeiro"]
[Result "0-1"]
[WhiteElo "1837"]
[BlackElo "2025"]
[PlyCount "22"]
[EventDate "2011.10.29"]
[EventType "swiss"]
[EventRounds "8"]
[EventCountry "BRA"]
[SourceTitle "EXT 2022"]
[Source "ChessBase"]
[SourceDate "2021.10.06"]
[SourceVersion "1"]
[SourceVersionDate "2021.10.06"]
[SourceQuality "1"]

1. e4 c5 2. Nf3 d6 3. d4 cxd4 4. Nxd4 Nf6 5. a3 a6 6. h3 e6 7. Be3 Be7 8. Bd3 Qc7 9. 0-0 Nbd7 10. Nb3 b5 11. a4 bxa4 0-1

[Event "BRA-ch sf 78th"]
[Site "Belem"]
[Date "2011.10.29"]
[Round "2.9"]
[White "Lopes, Janio Ribeiro"]
[Black "Pinto, Carlos Henrique Lop"]
[Result "0-1"]
[WhiteElo "2025"]
[BlackElo "2126"]
[PlyCount "50"]
[EventDate "2011.10.29"]
[EventType "swiss"]
[EventRounds "8"]
[EventCountry "BRA"]
[SourceTitle "EXT 2022"]
[Source "ChessBase"]
[SourceDate "2021.10.06"]
[SourceVersion "1"]
[SourceVersionDate "2021.10.06"]
[SourceQuality "1"]

1. d4 f5 2. g3 g6 3. Bg2 Bg7 4. Nh3 c6 5. c4 Nf6 6. Nc3 d6 7. 0-0 0-0 8. Nf4 e5 9. dxe5 dxe5 10. Nd3 e4 11. Nf4 g5 12. Nh3 h6 13. Qc2 Na6 14. Be3 Ng4 15. Bd2 Qe8 16. e3 Ne5 17. f4 exf3 18. Bh1 Qh5 19. Nf2 Ng4 20. Nxg4 fxg4 21. Ne4 Bf5 22. c5 Qf7 23. Rac1 Nxc5 24. Qxc5 Bxe4 25. Rf2 b6 0-1

[Event "BRA-ch Norte"]
[Site "Belem"]
[Date "2011.08.06"]
[Round "3.1"]
[White "Lopes, Janio Ribeiro"]
[Black "Fernandes Filho, Bergson Fragoso"]
[Result "1-0"]
[WhiteElo "2025"]
[BlackElo "2175"]
[PlyCount "133"]
[EventDate "2011.08.05"]
[EventType "swiss"]
[EventRounds "6"]
[EventCountry "BRA"]
[SourceTitle "EXT 2022"]
[Source "ChessBase"]
[SourceDate "2021.10.06"]
[SourceVersion "1"]
[SourceVersionDate "2021.10.06"]
[SourceQuality "1"]

1. c4 Nf6 2. Nc3 d5 3. cxd5 Nxd5 4. Nf3 g6 5. Qb3 Nb6 6. Ng5 e6 7. d3 Nc6 8. Nf3 e5 9. Bg5 f6 10. Bd2 Qe7 11. e4 Qf7 12. Qxf7+ Kxf7 13. a3 a6 14. Be3 Be6 15. d4 exd4 16. Nxd4 Nxd4 17. Bxd4 c5 18. Be3 Nc4 19. Bxc4 Bxc4 20. 0-0-0 Be6 21. Nd5 Rc8 22. Nf4 c4 23. Nxe6 Kxe6 24. Rd5 Be7 25. Rhd1 Rc6 26. Kc2 Rhc8 27. g4 Bc5 28. Bxc5 Rxc5 29. f4 Rxd5 30. Rxd5 b5 31. Kc3 Ke7 32. h4 Rc6 33. h5 Re6 34. hxg6 hxg6 35. Kd4 Rc6 36. g5 c3 37. bxc3 Rc4+ 38. Kd3 Ra4 39. gxf6+ Kxf6 40. e5+ Ke7 41. Rd6 Rxf4 42. Rxa6 g5 43. Rb6 Ra4 44. Rxb5 Rxa3 45. Rb6 Kf7 46. Kd4 g4 47. Rf6+ Ke7 48. Rg6 Ra5 49. c4 Ra1 50. Rxg4 Rd1+ 51. Ke4 Rd8 52. Rg6 Rd1 53. Rg5 Rd8 54. Rg7+ Ke6 55. Rc7 Rd1 56. Rc6+ Ke7 57. c5 Re1+ 58. Kd4 Rd1+ 59. Kc4 Rd8 60. Rd6 Rb8 61. c6 Rb1 62. Rd3 Rc1+ 63. Rc3 Re1 64. Kc5 Rxe5+ 65. Kb6 Kd8 66. Ra3 Re1 67. c7+ 1-0

[Event "BRA Region North-ch"]
[Site "Manaus"]
[Date "2010.10.??"]
[Round "2"]
[White "Lopes, Janio Ribeiro"]
[Black "De Oliveira Freitas, Reinier Alex"]
[Result "0-1"]
[WhiteElo "1946"]
[BlackElo "1817"]
[PlyCount "134"]
[EventDate "2010.10.09"]
[EventType "swiss"]
[EventRounds "7"]
[EventCountry "BRA"]
[SourceTitle "EXT 2022"]
[Source "ChessBase"]
[SourceDate "2021.10.06"]
[SourceVersion "1"]
[SourceVersionDate "2021.10.06"]
[SourceQuality "1"]

1. d4 c6 2. g3 d5 3. Bg2 Nf6 4. Nf3 Nbd7 5. 0-0 Qc7 6. c3 e6 7. Nbd2 b6 8. Qc2 Bb7 9. Re1 Bd6 10. e4 dxe4 11. Ng5 c5 12. Ngxe4 Nxe4 13. Nxe4 Bxe4 14. Qxe4 0-0 15. Qxa8 Rxa8 16. Bxa8 cxd4 17. cxd4 Bb4 18. Rd1 Qc2 19. Bf3 h6 20. a3 Be7 21. b4 Qc3 22. Be3 Nf6 23. Kg2 g5 24. d5 exd5 25. Bd4 Qc2 26. Rac1 Qf5 27. Bxf6 Bxf6 28. Bxd5 Be5 29. f3 Kg7 30. Be4 Qe6 31. Bd5 Qf5 32. Rc4 Qd7 33. Re4 Qc7 34. Rd2 Qc3 35. Rde2 Bf6 36. a4 Qa1 37. b5 Qd1 38. Bc6 h5 39. Re1 Qd2+ 40. R1e2 Qd1 41. Re1 Qd2+ 42. Kh1 Bc3 43. Rf1 Qd3 44. Kg2 Bd4 45. f4 g4 46. Ree1 Qc2+ 47. Kh1 Bc5 48. a5 bxa5 49. Rc1 Qe2 50. Rfe1 Qd2 51. Red1 Qe3 52. Re1 Qa3 53. Ra1 Qb4 54. Reb1 Qc3 55. Rc1 Qb2 56. Rab1 Qd4 57. Rd1 Qf6 58. Rd5 Be7 59. Rxh5 Qg6 60. Re1 Qxh5 61. Rxe7 Qc5 62. Re5 Qc1+ 63. Kg2 Qd2+ 64. Kg1 Qd1+ 65. Kg2 a4 66. Kf2 a3 67. Re2 Qxe2+ 0-1